000 01083cab a2200265 4500
001 WB3108-30
008 090401t1995 xxu||||| |||| 00| 0 eng d
035 _a(Sirsi) u9643
041 _aeng
245 _aMineral rights
260 _c1995
350 _a0
490 _aEstates Gazette Case Summaries
_v(1995) EGCS 23(1) (18/2/95)
520 _a"R v SoS for Wales, ex parte Mid-Glamorgan CC" CA 3 February 1995. The mineral planning authority made an order prohibiting resumption of winning and working minerals at a quarry, which for some time had been used for another purpose. SoS was held to have been right in not confirming the order as it was not certain that no quarrying would ever take place on the site.
650 _aEWENNY QUARRY
650 _aJUDICIAL REVIEW
650 _aPROHIBITION ORDER
650 _aQUARRIES
650 _aRESUMPTION
650 _aTOWN AND COUNTRY PLANNING ACT 1990 SCHED 9 PARA 3(2)
650 _aTOWN AND COUNTRY PLANNING ACT 1990 SCHED 9 PARA 3
690 _aMINING AND MINERALS-CASE LAW
942 _n0
948 _c04/03/1997
999 _c6051
_d6051